000 00756nam a22002417a 4500
005 20170124110241.0
010 _a251159
020 _c00.00
035 _a251159
037 _bCen Lib/Ret
040 _aDPL
_bEN
082 _a722
_bITO
100 _aItoh, Teiji
_995007
245 _aThe roots of Japanese architecture :
_cby Teiji Itoh ; illutrated by Isamu Noguchi ; translated by Paul Konya
_bwith text and commentaries /
260 _aNew York
_bHarper and row Publishers
_c1963
270 _bNew York
300 _a207p.
_c32cm(Hb)
_bill.
650 _aArchitecture -- Japan
_995008
650 _aArchitecture
_925172
700 _a Noguchi , Isamu
_995009
700 _aKonya, Paul
_995010
942 _2ddc
_cEN
_h722
_mITO
999 _c135187
_d135187